| 000 | 00757nam a2200229 i 4500 | ||
|---|---|---|---|
| 001 | 144228 | ||
| 003 | ES-MaACL | ||
| 005 | 20251130063154.0 | ||
| 007 | t| | ||
| 008 | 070214s1965 mx cf |||| |bspa d | ||
| 100 | 1 |
_aSierra, Justo, _d1848-1912 _9160134 |
|
| 245 | 1 | 0 |
_aJuárez _b: su obra y su tiempo / _cJusto Sierra. |
| 260 |
_aMéxico : _bEditorial Nacional, _c1965. |
||
| 300 |
_a499 p., 30 lám. ; _c23 cm. |
||
| 600 | 1 | 4 |
_aJuárez, Benito, _d1806-1872 _967156 |
| 651 | 4 |
_aMéxico- _xHistoria- _z1821-1861. _99064 |
|
| 651 | 4 |
_aMéxico- _xHistoria- _y1861-1867, Intervención europea. _9146885 |
|
| 651 | 4 |
_aMéxico- _xHistoria- _y1867-1910. _9151494 |
|
| 852 |
_aES-MaACL _jE-8988 |
||
| 852 |
_aES-MaACL _jE-9230 |
||
| 999 |
_c144228 _d144228 |
||